[Event "leisure catalan knockout "]
[Site "SchemingMind.com"]
[Date "2018.06.19"]
[Round "-"]
[White "Keithk"]
[Black "AlexiusIII"]
[Result "1-0"]
[WhiteCountry "ENG"]
[BlackCountry "ENG"]
[WhiteElo "2540"]
[WhiteRD "61"]
[BlackElo "2203"]
[BlackRD "124"]
[GameID "429321"]

1. d4 Nf6 2. c4 e6 3. g3 c5 4. d5 exd5 5. cxd5 b5 6. Bg2 d6 7. Nf3 Nbd7 8. O-O g6 9. Bf4 Nb6 10. e4 Bg7
11. Nc3 O-O 12. e5 dxe5 13. Nxe5 Bb7 14. Nc6 Qd7 15. Ne5 Qd8 16. Nc6 Qd7 17. Bg5 Rae8 18. Bxf6 Bxf6 19. Nxb5 Ba6 20. a4 Bxb2
21. Ra2 Bf6 22. h4 Kg7 23. h5 h6 24. Kh2 c4 25. Qf3 g5 26. Rd1 g4 27. Qf4 Bxb5 28. axb5 Bg5 29. Qd4+ Bf6 30. Qc5 Qf5
31. Rxa7 Nd7 32. Qxc4 Qxh5+ 33. Kg1 Ne5 34. Nxe5 Qxe5 35. Qxg4+ Qg5 36. Qxg5+ hxg5 37. b6 Rb8 38. b7 Be5 39. d6 Rfd8 40. d7 Kf8
41. Bc6 Ke7 42. Kg2 f6 43. Kf3 Rg8 44. Kg4 Kd8 45. Ra4 Rf8 46. Kf5 g4 47. Rxg4 Rh8 48. Rg7 Bc3 49. Rh1 Rf8 50. f4 Bb4
51. Rc1 Ba3 52. Rc2 Bd6 53. Ke6
1-0

[Event "leisure catalan knockout "]
[Site "SchemingMind.com"]
[Date "2018.06.19"]
[Round "-"]
[White "AlexiusIII"]
[Black "Keithk"]
[Result "0-1"]
[WhiteCountry "ENG"]
[BlackCountry "ENG"]
[WhiteElo "2218"]
[WhiteRD "133"]
[BlackElo "2544"]
[BlackRD "64"]
[GameID "429322"]

1. d4 Nf6 2. c4 e6 3. g3 d5 4. Bg2 dxc4 5. Nf3 a6 6. Ne5 Bb4+ 7. Nc3 Nd5 8. Bd2 Nb6 9. Ne4 Bxd2+ 10. Nxd2 Qxd4
11. Ndxc4 Qxd1+ 12. Rxd1 Nxc4 13. Nxc4 Ke7 14. f4 Ra7 15. Kf2 b6 16. Rd2 Bb7 17. Bxb7 Rxb7 18. b4 Rd8 19. Rxd8 Kxd8 20. Rd1+ Ke7
21. Ne5 f6 22. Nd3 c6 23. e4 Nd7 24. Rc1 Kd6 25. Rd1 Kc7 26. e5 c5 27. Rc1 Kc6 28. exf6 gxf6 29. Ke3 f5 30. bxc5 bxc5
31. Kd2 Kd6 32. Kc3 Nf6 33. Kd2 h5 34. Ke2 Nd7 35. Ke3 Kd5 36. Rd1 Kc6 37. Ne5+ Nxe5 38. fxe5 Rd7 39. Rxd7 Kxd7 40. Kd3 Kc6
41. Kc4 h4 42. a3 h3 43. Kc3 Kd5 44. Kd3 Kxe5 45. Kc4 Kd6 46. Kd3 Kd5 47. Ke3 c4 48. Kd2 Kd4 49. Ke2 c3 50. g4 fxg4
0-1

[Event "leisure catalan knockout "]
[Site "SchemingMind.com"]
[Date "2018.07.21"]
[Round "-"]
[White "berns"]
[Black "David Perna-Fraser"]
[Result "0-1"]
[WhiteCountry "ENG"]
[BlackCountry "CAN"]
[WhiteElo "1523"]
[WhiteRD "98"]
[BlackElo "2159"]
[BlackRD "76"]
[GameID "430344"]

1. d4 Nf6 2. c4 e6 3. g3 Bb4+ 4. Nd2 O-O 5. a3 Be7 6. Ngf3 b6 7. Bg2 Bb7 8. O-O c5 9. e3 d5 10. b3 Qc7
11. Bb2 Nc6 12. dxc5 bxc5 13. cxd5 Nxd5 14. Nc4 Ba6 15. Re1 Rad8 16. Qc2 Bf6 17. Bxf6 Nxf6 18. Rad1 h6 19. Rxd8 Rxd8 20. Rd1 Rxd1+
21. Qxd1 Nd5 22. Qc2 Nb6 23. Nxb6 axb6 24. Nd2 Ne5 25. b4 c4 26. h4 b5 27. Ne4 Bb7 28. Qd1 Nd3 29. f4 f5 30. Nc3 Bxg2
31. Kxg2 Qc6+ 32. Kg1 Qb6 33. Qf3 Ne1 34. Qe2 Nd3 35. Qf3 Qa6 36. Nb1 Qa7 37. Kh2 Qa4 38. Kh3 Qc2 39. Qf1 Nf2+ 40. Kg2 Ng4+
0-1

[Event "leisure catalan knockout "]
[Site "SchemingMind.com"]
[Date "2018.07.21"]
[Round "-"]
[White "David Perna-Fraser"]
[Black "berns"]
[Result "1-0"]
[WhiteCountry "CAN"]
[BlackCountry "ENG"]
[WhiteElo "2204"]
[WhiteRD "72"]
[BlackElo "1553"]
[BlackRD "88"]
[GameID "430345"]

1. d4 Nf6 2. c4 e6 3. g3 Bb4+ 4. Bd2 Bxd2+ 5. Nxd2 Nc6 6. e3 b6 7. Bg2 Bb7 8. Ngf3 Qe7 9. O-O O-O-O 10. a3 h6
11. b4 d6 12. Qa4 a5 13. Nh4 Qd7 14. b5 Ne7 15. Bxb7+ Kxb7 16. Rfd1 Ra8 17. c5 dxc5 18. dxc5 Ned5 19. c6+ Ka7 20. cxd7 Nc3
21. Qc2 Nfd5 22. Nb3 Nxd1 23. Rxd1 Rad8 24. Rxd5 exd5 25. Qxc7+ Ka8 26. Nd4 Rb8 27. Nc6
1-0

[Event "leisure catalan knockout "]
[Site "SchemingMind.com"]
[Date "2018.08.09"]
[Round "-"]
[White "echecs"]
[Black "Johnny Owens"]
[Result "0-1"]
[WhiteCountry "ENG"]
[BlackCountry "USA"]
[WhiteElo "1834"]
[WhiteRD "61"]
[BlackElo "2315"]
[BlackRD "71"]
[GameID "431169"]

1. d4 Nf6 2. c4 e6 3. g3 d5 4. Nf3 Be7 5. cxd5 exd5 6. Bg2 c6 7. Nc3 Bf5 8. O-O O-O 9. e3 h6 10. Qb3 Qb6
11. Qd1 Re8 12. Ne5 Nbd7 13. Nd3 Rad8 14. Nf4 Bb4 15. a3 Bd6 16. Nd3 Qa6 17. Nf4 Nb6 18. Re1 Bxf4 19. gxf4 Nc4 20. b3 Qa5
21. Nxd5 Rxd5 22. bxc4 Rxd4 23. Qxd4 Qxe1+ 24. Bf1 Ne4 25. Qxg7+ Kxg7 26. Bb2+ Kh7 27. Rxe1 Rg8+ 28. Bg2 Bh3 29. Re2 Rxg2+ 30. Kf1 Rg3+
31. Ke1 Rg1#
0-1

[Event "leisure catalan knockout "]
[Site "SchemingMind.com"]
[Date "2018.08.10"]
[Round "-"]
[White "Johnny Owens"]
[Black "echecs"]
[Result "1-0"]
[WhiteCountry "USA"]
[BlackCountry "ENG"]
[WhiteElo "2315"]
[WhiteRD "71"]
[BlackElo "1834"]
[BlackRD "61"]
[GameID "431170"]

1. d4 Nf6 2. c4 e6 3. g3 c6 4. Bg2 d5 5. Nf3 Be7 6. O-O O-O 7. Nc3 Nbd7 8. b3 a6 9. Qc2 b5 10. a3 bxc4
11. bxc4 Nb6 12. c5 Nc4 13. Re1 a5 14. e4 Ba6 15. exd5 cxd5 16. Bf1 Ne8 17. Rb1 Nf6 18. a4 Qe8 19. Nb5 Qd8 20. Bf4 Qd7
21. Ne5 Nxe5 22. dxe5 Ne4 23. c6 Qc8 24. Nd6
1-0

[Event "leisure catalan knockout "]
[Site "SchemingMind.com"]
[Date "2018.09.06"]
[Round "-"]
[White "davidcook"]
[Black "Barry Hampton"]
[Result "1-0"]
[WhiteCountry "ENG"]
[BlackCountry "ENG"]
[WhiteElo "2309"]
[WhiteRD "65"]
[BlackElo "1861"]
[BlackRD "100"]
[GameID "432255"]

1. d4 Nf6 2. c4 e6 3. g3 d5 4. Bg2 Be7 5. Nf3 O-O 6. Qc2 c5 7. O-O Nbd7 8. cxd5 Nxd5 9. Rd1 Qc7 10. e4 N5f6
11. Bf4 Qb6 12. Nc3 Bd6 13. Na4
1-0

[Event "leisure catalan knockout "]
[Site "SchemingMind.com"]
[Date "2018.09.06"]
[Round "-"]
[White "Barry Hampton"]
[Black "davidcook"]
[Result "0-1"]
[WhiteCountry "ENG"]
[BlackCountry "ENG"]
[WhiteElo "1857"]
[WhiteRD "104"]
[BlackElo "2356"]
[BlackRD "63"]
[GameID "432256"]

1. d4 Nf6 2. c4 e6 3. g3 d5 4. Nf3 Be7 5. Bg2 O-O 6. O-O dxc4 7. Qc2 a6 8. Qxc4 b5 9. Qc2 Bb7 10. Bg5 Nbd7
11. Nbd2 c5 12. Bxf6 gxf6 13. e3 Rc8 14. Qc3 Nb6 15. b3 cxd4 16. Qxd4 f5 17. Qb2 Bf6 18. Nd4 Bxg2 19. Kxg2 Qd5+ 20. N2f3 Qe4
21. Qb1 Nd5 22. Qxe4 fxe4 23. Nd2 Bxd4 24. exd4 Rc2 25. Nxe4 Ne3+ 26. Kg1 Nxf1 27. Kxf1 Rd8 28. Rd1 Rxa2 29. Kg2 a5 30. Rd3 a4
31. bxa4 bxa4 32. Nd2 a3 33. Kf1 Ra1+ 34. Ke2 Ra8
0-1

[Event "leisure catalan knockout "]
[Site "SchemingMind.com"]
[Date "2018.11.10"]
[Round "-"]
[White "klapa"]
[Black "David Perna-Fraser"]
[Result "0-1"]
[WhiteCountry "POL"]
[BlackCountry "CAN"]
[WhiteElo "1465"]
[WhiteRD "76"]
[BlackElo "2150"]
[BlackRD "79"]
[GameID "434458"]

1. d4 Nf6 2. c4 e6 3. g3 Bb4+ 4. Bd2 Qe7 5. a3 Bxd2+ 6. Qxd2 d6 7. Bg2 c6 8. Nh3 h6 9. Nc3 O-O 10. b4 e5
11. d5 Bd7 12. f4 Ng4 13. O-O-O Na6 14. fxe5 Nxe5 15. Qe3 Rfe8 16. c5 dxc5 17. d6 Qe6 18. bxc5 Qb3 19. Rd4 Qxa3+ 20. Kd2 Nc4+
21. Rxc4 Rxe3 22. Kxe3 Re8+ 23. Kf2 Qb3 24. Rf4 Qxc3 25. Be4 Bxh3 26. Rd1 Qxc5+ 27. e3 Rxe4 28. Rxe4 Qc2+ 29. Ke1 Qxe4 30. Kf2 Qg2+
31. Ke1 Nb4 32. d7 Nc2#
0-1

[Event "leisure catalan knockout "]
[Site "SchemingMind.com"]
[Date "2018.11.09"]
[Round "-"]
[White "David Perna-Fraser"]
[Black "klapa"]
[Result "1-0"]
[WhiteCountry "CAN"]
[BlackCountry "POL"]
[WhiteElo "2150"]
[WhiteRD "79"]
[BlackElo "1465"]
[BlackRD "76"]
[GameID "434459"]

1. d4 Nf6 2. c4 e6 3. g3 c6 4. Nc3 d5 5. cxd5 cxd5 6. Bf4 Bb4 7. Bxb8 Rxb8 8. Qa4+ b5 9. Qxb4 a5 10. Qc5 b4
11. Nb5 Rb7 12. Nd6+ Kd7 13. Nxb7 Bxb7 14. Bg2 Ne4 15. Bxe4 dxe4 16. e3 Re8 17. Rc1 Re7 18. Ne2 Ke8 19. Nf4 Ba6 20. Qc6+ Kf8
21. Qxa6 Rc7 22. Rxc7 Qxc7 23. Qa8+ Ke7 24. O-O Qc2 25. Qa7+ Kf6 26. Qxa5 Qxb2 27. Qd8+ Kf5 28. h3 f6 29. Qe8 g5 30. g4#
1-0

[Event "leisure catalan knockout "]
[Site "SchemingMind.com"]
[Date "2019.01.10"]
[Round "-"]
[White "David Perna-Fraser"]
[Black "Keithk"]
[Result "0-1"]
[WhiteCountry "CAN"]
[BlackCountry "ENG"]
[WhiteElo "1957"]
[WhiteRD "71"]
[BlackElo "2563"]
[BlackRD "66"]
[GameID "436721"]

1. d4 Nf6 2. c4 e6 3. g3 d5 4. Bg2 dxc4 5. Qa4+ Nbd7 6. Qxc4 c5 7. dxc5 Bxc5 8. Nf3 Qc7 9. Nbd2 O-O 10. O-O a5
11. b3 b5 12. Qh4 Bb7 13. Bb2 Rac8 14. Rac1 Qb8 15. e4 h6 16. e5 Nd5 17. Ne4 Be7 18. Qg4 b4 19. Rfd1 Rxc1 20. Rxc1 Rc8
21. Rd1 Rc2 22. Rxd5 Bxd5 23. Nf6+ Bxf6 24. exf6 g6 25. Nh4 Rxb2 26. Nxg6 Nxf6 27. Ne7+ Kf8
0-1

[Event "leisure catalan knockout "]
[Site "SchemingMind.com"]
[Date "2019.01.10"]
[Round "-"]
[White "Keithk"]
[Black "David Perna-Fraser"]
[Result "1-0"]
[WhiteCountry "ENG"]
[BlackCountry "CAN"]
[WhiteElo "2563"]
[WhiteRD "66"]
[BlackElo "1957"]
[BlackRD "71"]
[GameID "436722"]

1. d4 Nf6 2. c4 e6 3. g3 d5 4. Nf3 c6 5. Bg2 Bd6 6. O-O O-O 7. Nc3 Re8 8. Ne5 Nbd7 9. f4 Bf8 10. b3 Qa5
11. Bb2 Rd8 12. Qc2 g6 13. Rad1 a6 14. e3 Qc7 15. Rc1 Qa5 16. Qf2 Qc7 17. h3 Qa5 18. e4 dxe4 19. Bxe4 Nxe4 20. Nxe4 Bg7
21. Nd6 Rf8 22. Nxd7 Bxd7 23. Nxb7 Qh5 24. Kg2 Ra7 25. g4 Qh6 26. Nc5 Bc8 27. Rce1 Rd8 28. Bc1 Bxd4 29. Rd1 Bxf2 30. Rxd8+ Kg7
31. Rxf2 Bb7 32. g5 Qh5 33. Bb2+ f6 34. Bxf6+ Kf7 35. Rd7+ Ke8 36. Re7+
1-0

[Event "leisure catalan knockout "]
[Site "SchemingMind.com"]
[Date "2019.08.21"]
[Round "-"]
[White "Keithk"]
[Black "Johnny Owens"]
[Result "1-0"]
[WhiteCountry "ENG"]
[BlackCountry "USA"]
[WhiteElo "2604"]
[WhiteRD "71"]
[BlackElo "1970"]
[BlackRD "73"]
[GameID "444843"]

1. d4 Nf6 2. c4 e6 3. g3 Bb4+ 4. Bd2 Be7 5. Bg2 d5 6. Nf3 Nbd7 7. O-O c6 8. Qc2 O-O 9. Bf4 b6 10. Rd1 Bb7
11. Nc3 dxc4 12. Nd2 Nd5 13. Nxc4 Nxf4 14. gxf4 Qc7 15. e3 a6 16. Rac1 Rac8 17. Ne5 Rfd8 18. Qe4 g6 19. Qf3 Kg7 20. a3 Qb8
21. b4 Ba8 22. Nxd7 Rxd7 23. Qe2 c5 24. Bxa8 cxb4 25. Na4 Rxc1 26. Rxc1 bxa3 27. Bf3 Rc7 28. Ra1 Ra7 29. Qd3 b5 30. Nc5 b4
31. Bd1 a5 32. Ba4 Qd8 33. Rc1 Bxc5 34. Rxc5 Qb6 35. Rc6 Qd8 36. Rc5 Qb6 37. Rc6 Qd8 38. Qc2 Qh4 39. Qd1 h5 40. Qb3 Qg4+
41. Kf1 Qf3 42. Rc5 Qh1+ 43. Ke2 Qxh2 44. Qb1 Qh3 45. Rg5 e5 46. dxe5 Qe6 47. Qc2 h4 48. Bb3 Qa6+ 49. Kf3 Qb7+ 50. Ke2 Qa6+
51. Kf3 Qb7+ 52. e4 Qe7 53. e6 a4 54. Bd5 b3 55. Qc3+ Qf6 56. e5 Qd8 57. Be4 Rc7 58. Qb4 Qe7 59. Qb6 Rc3+ 60. Kg2 Qc5
61. Qxc5 Rxc5 62. f5 Rxe5 63. f6+ Kxf6 64. Rxe5 a2 65. e7 a1=Q 66. Re6+ fxe6 67. e8=Q Qc1 68. Qxa4
1-0

[Event "leisure catalan knockout "]
[Site "SchemingMind.com"]
[Date "2019.08.21"]
[Round "-"]
[White "Johnny Owens"]
[Black "Keithk"]
[Result "0-1"]
[WhiteCountry "USA"]
[BlackCountry "ENG"]
[WhiteElo "1970"]
[WhiteRD "73"]
[BlackElo "2604"]
[BlackRD "71"]
[GameID "444844"]

1. d4 Nf6 2. c4 e6 3. g3 d5 4. Bg2 dxc4 5. Nf3 a6 6. O-O Nc6 7. Be3 Nd5 8. Bg5 Be7 9. Bxe7 Ndxe7 10. e3 O-O
11. Nbd2 b5 12. Rc1 Nd5 13. b3 c3 14. e4 Nf6 15. Rxc3 Nxd4 16. e5 Nd5 17. Rc1 Nxf3+ 18. Qxf3 Rb8 19. Ne4 Bb7 20. Qd1 Ba8
21. Qe1 h6 22. Qa5 Rb6 23. Rfd1 b4 24. Nc5 Qc8 25. Bxd5 Bxd5 26. Na4 Rb7 27. Qxa6 Qb8 28. Qe2 Ra7 29. Rc2 Qa8 30. Rd4 Rb8
31. Qd2 Be4 32. Rcc4 Bd5 33. Rc2 Ra5 34. Rxc7 Bh1 35. f4 Rd5 36. Rxd5 Bxd5 37. Qf2 Qa6 38. Qf1 Qa5 39. Qc1 Qa6 40. Qd2 Rd8
41. Rc1 Qa5 42. Qf2 Be4 43. Nc5 Bf5 44. h4 Qa3 45. Rf1 Rc8 46. Rd1 Kh7 47. Rf1 Rc6 48. Rd1 Rc8 49. Ra1 Kh8 50. Re1 Kh7
51. Rd1 h5 52. Re1 Kg6 53. Rf1 Qa8 54. Kh2 Qa7 55. Rc1 Rd8 56. Rf1 Rc8 57. Rc1 Ra8 58. Ra1 Kh7 59. Kh1 Kg6 60. Kh2 Kh7
61. Kg1 Qa3 62. Qg2 Rc8 63. Qf2 Kh8 64. Rf1 Kh7 65. Ra1 Kg6 66. Rf1 Qa8 67. Kh2 Qd5
0-1